Detektor lži neexistuje

Bibliographic Details
Main Author: Uherík, Anton, 1930- (Author)
Format: Article
Language:Slovak
PhysicalDescription:Fotogr.
ISSN:1335-4426
Subjects:

MARC

LEADER 00000nab a2200000 ar4500
001 vtls009156940
003 SK-MaSNL
005 20260303064403.0
008 071107c2007 xo wr|p|||||||000 b|slo
015 |a SNBRB2007/11  |2 snkbucl 
040 |a SNKBUCL  |b slo  |c SNKBUCL  |e AACR2 
041 0 |a slo 
044 |a xo  |c SK 
080 |a 343.131.8  |2 2001 
080 |a 001.891  |2 snkbucl 
100 1 |a Uherík, Anton,  |d 1930-  |4 aut  |9 319644 
245 1 0 |a Detektor lži neexistuje  |c Anton Uherík 
300 |b Fotogr. 
500 |a Do č. 5 vychádzalo periodikum ako Domino fórum 
650 0 7 |a detekcia a detektory lži  |x vedecké prístupy  |2 snkbucl  |9 108328 
655 7 |a analýzy  |2 snkbucl  |9 22242 
773 0 |t Domino efekt  |g Roč. XVI, č. 39 (2007), s. 28-[31]  |x 1335-4426 
852 |a SNK  |b KIS3GCP 
999 |c 1746908  |d 1748838